Intramuros : arquitectura de Juan Lanzagorta Vallín /

שמור ב:
מידע ביבליוגרפי
מחבר ראשי: Lanzagorta Vallín, Juan (autor)
מחברים אחרים: González Gortázar, Fernando (prólogo) (prólogo)
פורמט: ספר
שפה:ספרדית
יצא לאור: Guadalajara, México : Proverbo, 1984, c1983
תגים: הוספת תג
אין תגיות, היה/י הראשונ/ה לתייג את הרשומה!

MARC

LEADER 00000nam^a2200000^a^4500
001 000629982
005 20260407000000.0
009 20260408133319.109
020 |a 968-6675-00-0 
037 |a Acervo ITESO - Biblioteca 
041 |a ESP 
091 |a FOB. 04392 
100 |a Lanzagorta Vallín, Juan  |e (autor) 
245 1 0 |a Intramuros :  |b arquitectura de Juan Lanzagorta Vallín / 
264 4 |a Guadalajara, México :  |b Proverbo,  |c 1984, c1983 
300 |a XI, 144 p. 
336 |a texto  |b txt  |2 rdacontenido 
337 |a sin mediación  |b n  |2 rdamedio 
338 |a volumen  |b nc  |2 rdasoporte 
649 |a XX 
700 |a González Gortázar, Fernando  |e (prólogo) 
910 |a Fondo Carlos de Obeso Orendain 
920 |a Impresos - Libros 
930 |a Fondos Especiales 
905 |a 147 
901 |a 629982-10  |b IT2  |c ESP  |i D  |u 20260407 
902 |a https://opac.biblio.iteso.mx/vufind/Record/000629982